Central Library OPAC University of Rajshahi

The secret pilgrim / (Record no. 62950)

MARC details
000 -LEADER
fixed length control field 00586nam a2200217 a 4500
001 - CONTROL NUMBER
control field 62950
003 - CONTROL NUMBER IDENTIFIER
rucl marc code BD-RjUL
005 - DATE AND TIME OF LATEST TRANSACTION
control field 20211209081138.0
008 - FIXED-LENGTH DATA ELEMENTS--GENERAL INFORMATION
fixed length control field 170126r19911990enk 000 1 eng d
020 ## - INTERNATIONAL STANDARD BOOK NUMBER
International Standard Book Number 0340543817
035 ## - SYSTEM CONTROL NUMBER
System control number (BD-RjUL)63078
040 ## - CATALOGING SOURCE
Original cataloging agency BD-RjUL
Language of cataloging eng
Transcribing agency BD-RjUL
Modifying agency BD-RjUL
041 ## - LANGUAGE CODE
Language code of text/sound track or separate title eng
082 ## - DEWEY DECIMAL CLASSIFICATION NUMBER
Classification number 823
Edition number 23
Author mark and year LES 1991
100 1# - MAIN ENTRY--PERSONAL NAME
Personal name Le Carré, John,
Dates associated with a name 1931-
9 (RLIN) 187217
245 14 - TITLE STATEMENT
Title The secret pilgrim /
Statement of responsibility, etc. John le Carré..
260 ## - PUBLICATION, DISTRIBUTION, ETC. (IMPRINT)
Place of publication, distribution, etc. London :
Name of publisher, distributor, etc. Hodder & Stoughton,
Date of publication, distribution, etc. 1991, c1990.
300 ## - PHYSICAL DESCRIPTION
Pagination 335 p. ;
Size 25 cm.
650 ## - SUBJECT ADDED ENTRY--TOPICAL TERM
Topical term or geographic name as entry element Fiction
9 (RLIN) 180267
942 ## - ADDED ENTRY ELEMENTS (KOHA)
Source of classification or shelving scheme Dewey Decimal Classification
Koha item type Books
Holdings
Lost status Source of classification or shelving scheme Damaged status Not for loan Collection code Permanent Location Current Location Shelving location Date acquired Source of acquisition Total Checkouts Full call number Date last seen Copy number Koha item type
  Dewey Decimal Classification   Not For Loan Fiction Central Library, University of Rajshahi Central Library, University of Rajshahi Reading Room 23/04/1995 British council Rajshahi   823 LES 1991 26/01/2017 C-1 Books